Busiest Railway Stations in South West England - Statistics

General Stats
  • This quiz has been taken 161 times
  • The average score is 13 of 20
Answer Stats
No. of Passenger Entries / Exits Station % Correct
11,350,146 Bristol Temple Meads
95%
2,449,094 Plymouth
93%
6,395,694 Bath Spa
89%
2,605,166 Exeter St. David's
87%
1,460,750 Taunton
82%
3,625,360 Swindon
79%
1,477,988 Gloucester
78%
2,324,808 Bristol Parkway
74%
1,205,296 Truro
70%
2,721,504 Bournemouth
67%
2,607,502 Exeter Central
67%
2,400,434 Cheltenham Spa
66%
2,016,038 Salisbury
64%
1,145,068 Weston-Super-Mare
62%
1,126,936 Poole
58%
1,230,876 Newton Abbot
52%
1,890,096 Chippenham
46%
962,014 Exmouth
41%
1,047,756 Filton Abbey Wood
29%
930,134 Trowbridge
25%
No matching quizzes found
Score Distribution
Percent of People with Each Score
Percentile by Number Answered
Your Score History
You have not taken this quiz